• 首页
  • 本馆介绍
  • 公告通知
  • 最新文献
  • 馆藏检索
  • 电子资源
  • 读者导购
  • 参考咨询
  • 我的图书馆
  • 登录
  • 详细信息显示
  • 放入我的书架
  • 预约/预借图书
  • 作者相关作品
  • 分类相关作品
  • 丛书相关作品
  • 出版社相关作品

书目信息

  • 表格格式
  • 工作单格式
  • 卡片格式
题名:
中华文化讲座丛书
    
 
作者: ;北京大学中国传统文化研究中心 编
分册: 第二集  
出版信息: 北京   北京大学出版社  1995.07
页数: 294页
开本: 19cm
丛书名:
单 册:
中图分类: G04-53
科图分类:
主题词: 传统文化 , 现代文化 , 传统文化--关系--现代文化
电子资源:
ISBN: 7-301-02792-3
000 00720nam0 2200217 45
001 0211060945
005 20031219104059.9
010    @a7-301-02792-3@dCNY15.00
100    @a20021106d1995 km y0chiy0120 ea
101 0  @achi
105    @a z 000yy
200 1  @a中华文化讲座丛书@h第二集@AZhong Hua Wen Hua Jiang Zuo Cong Shu@f北京大学中国传统文化研究中心编@FBei Jing Da Xue Zhong Guo Chuan Tong Wen Hua Yan Jiu Zhong Xin Bian
210    @a北京@c北京大学出版社@d1995.07
215    @a294页@d19cm
606 0  @a传统文化
606 0  @a现代文化
606 0  @a传统文化@x关系@x现代文化
690    @aG04-53@v4
711 02 @a北京大学中国传统文化研究中心@4编
801    @aCN@bTSTC@c20021106
905    @b316963-968@dG04-53@e24:2@f6
    
    中华文化讲座丛书.第二集/北京大学中国传统文化研究中心编.-北京:北京大学出版社,1995.07
    294页;19cm
    
    
    ISBN 7-301-02792-3:CNY15.00
    
●
相关链接 在E读中查询图书 在五车中查询图书 在当当中查询图书 在豆瓣中查询图书


正题名:中华文化讲座丛书     索取号:G04-53/24:2         预约/预借

序号 登录号 条形码 馆藏地/架位号 状态 备注
1 0316963   203169631   第四借阅区/ [索取号:G04-53/24:2] 在馆    
2 0316964   203169640   第四借阅区/ [索取号:G04-53/24:2] 在馆    
3 0316965   203169659   第四借阅区/ [索取号:G04-53/24:2] 在馆    
4 0316966   203169668   第四借阅区/ [索取号:G04-53/24:2] 在馆    
5 0316967   203169677   第四借阅区/ [索取号:G04-53/24:2] 在馆    
6 0316968   203169686   第一样本阅览室/ [索取号:G04-53/24:2] 在馆    
唐山师范学院图书馆 欢迎您!
大连网信软件有限公司© 版权所有